<?xml version="1.0" encoding="UTF-8"?>
<record
    xmlns:xsi="http://www.w3.org/2001/XMLSchema-instance"
    xsi:schemaLocation="http://www.loc.gov/MARC21/slim http://www.loc.gov/standards/marcxml/schema/MARC21slim.xsd"
    xmlns="http://www.loc.gov/MARC21/slim">

  <leader>01014nam a2200169   4500</leader>
  <controlfield tag="001">14030</controlfield>
  <controlfield tag="005">20260226151113.0</controlfield>
  <datafield tag="010" ind1=" " ind2=" ">
    <subfield code="a">9782487746268</subfield>
  </datafield>
  <datafield tag="090" ind1=" " ind2=" ">
    <subfield code="a">14030</subfield>
  </datafield>
  <datafield tag="099" ind1=" " ind2=" ">
    <subfield code="o">0</subfield>
  </datafield>
  <datafield tag="100" ind1=" " ind2=" ">
    <subfield code="a">20260226d        u||y0frey50      ba</subfield>
  </datafield>
  <datafield tag="200" ind1=" " ind2=" ">
    <subfield code="a">La D&#xE9;tente</subfield>
    <subfield code="b">LIVR</subfield>
  </datafield>
  <datafield tag="214" ind1=" " ind2=" ">
    <subfield code="c">esse que</subfield>
  </datafield>
  <datafield tag="323" ind1=" " ind2=" ">
    <subfield code="a">20 personnages et plus</subfield>
  </datafield>
  <datafield tag="330" ind1=" " ind2=" ">
    <subfield code="a">Suzanne est professeure de musique au coll&#xE8;ge. Elle m&#xE8;ne une vie paisible dans une maison situ&#xE9;e sur le bord d&#x2019;une crique &#xE0; l&#x2019;eau exceptionnellement fra&#xEE;che.
La vie de Suzanne est boulevers&#xE9;e le jour o&#xF9; la destruction de la crique est annonc&#xE9;e. Une centrale nucl&#xE9;aire sera construite. Dans la r&#xE9;gion, un mouvement de contestation s&#x2019;organise contre le projet. Mouvement massif qui, d&#x2019;abord pacifique, se radicalise progressivement.
La pi&#xE8;ce raconte l&#x2019;histoire de ce mouvement du point de vue de Suzanne qui, de paisible citoyenne, va se transformer en militante acharn&#xE9;e. En bout de course, Suzanne pressera la d&#xE9;tente.</subfield>
  </datafield>
  <datafield tag="610" ind1=" " ind2=" ">
    <subfield code="a">&#xE9;cologie</subfield>
  </datafield>
  <datafield tag="700" ind1=" " ind2=" ">
    <subfield code="a">Gautier</subfield>
    <subfield code="b">Rapha&#xEB;l</subfield>
  </datafield>
  <datafield tag="995" ind1=" " ind2=" ">
    <subfield code="2">0</subfield>
    <subfield code="5">2026-02-26</subfield>
    <subfield code="9">13922</subfield>
    <subfield code="c">JOL</subfield>
    <subfield code="f">JOL-007731</subfield>
    <subfield code="k">TH GAU 20+</subfield>
    <subfield code="o">0</subfield>
    <subfield code="b">JOL</subfield>
    <subfield code="r">LIVR</subfield>
  </datafield>
</record>
